|
|
|
|
| LEADER |
00000nab a2200000ua 4500 |
| 001 |
vtls010849455 |
| 003 |
SK-MaSNL |
| 005 |
20260303134826.0 |
| 008 |
230218s xo |||||||||||||||||ger| |
| 035 |
|
|
|a (urnnbn)urn:nbn:sk:snk:ar-a079m6
|
| 035 |
|
|
|a urn:nbn:sk:snk-ab6a5d
|
| 035 |
|
|
|a (uuid)e9210b66-0201-40c0-bde3-0dcbdb72def6
|
| 040 |
|
|
|a SNKBUCL
|b slo
|c SNKBUCL
|e AACR2
|
| 041 |
0 |
|
|a ger
|
| 044 |
|
|
|a xo
|c SK
|
| 100 |
1 |
|
|a Förster, Frank
|4 aut
|9 474589
|
| 245 |
1 |
0 |
|a Sorbische ethnographische Gegenwartsforschung
|c Frank Förster
|
| 773 |
0 |
|
|t Ethnologia slavica : zborník Filozofickej fakulty Univerzity Komenského
|g Roč. 10-11, č. 10-11 (1978-79), s. 171-176
|
| 958 |
|
|
|a OND
|
| 958 |
|
|
|a EUIPO
|
| 958 |
|
|
|a article5
|
| 999 |
|
|
|c 1962003
|d 1963933
|